[Event "Blagny op 3rd"]
[White "Hanot, Wilfried"]
[Black "Michon, Guillaume"]
[Site "Blagny"]
[Round "6"]
[Result "1-0"]
[Date "2011.04.28"]
[WhiteElo "1872"]
[BlackElo "1370"]
[PlyCount "39"]
[EventDate "2011.04.23"]
[EventType "swiss"]
[EventRounds "6"]
[EventCountry "FRA"]
[SourceTitle "CBM 142 Extra"]
[Source "ChessBase"]
[SourceDate "2011.06.27"]
[SourceVersion "1"]
[SourceVersionDate "2011.06.27"]
[SourceQuality "1"]

1. e4 c6 2. d4 d5 3. e5 Bf5 4. Bd3 Bxd3 5. Qxd3 e6 6. Nf3 Qb6 7. Qb3 Qa6 8. Be3 Nd7 9. Nbd2 b5 10. 0-0 Ne7 11. Qd3 Nf5 12. a4 Nxe3 13. fxe3 Nb6 14. axb5 Qxb5 15. Qxb5 cxb5 16. Ng5 Nc4 17. Nxc4 bxc4 18. Nxf7 Rg8 19. Ng5 h6 20. Nxe6 1-0

[Event "Blagny op 3rd"]
[White "Poirot, Eric"]
[Black "Michon, Guillaume"]
[Site "Blagny"]
[Round "3"]
[Result "0-1"]
[Date "2011.04.25"]
[WhiteElo "1499"]
[BlackElo "1370"]
[PlyCount "60"]
[EventDate "2011.04.23"]
[EventType "swiss"]
[EventRounds "6"]
[EventCountry "FRA"]
[SourceTitle "CBM 142 Extra"]
[Source "ChessBase"]
[SourceDate "2011.06.27"]
[SourceVersion "1"]
[SourceVersionDate "2011.06.27"]
[SourceQuality "1"]

1. e4 c6 2. d4 d5 3. e5 Bf5 4. Nf3 e6 5. Nbd2 Nd7 6. Nb3 c5 7. c3 c4 8. Nbd2 Ne7 9. b3 b5 10. Ba3 Nc6 11. Bxf8 Nxf8 12. Qc1 Qa5 13. b4 Qd8 14. a4 a6 15. axb5 axb5 16. Ra3 Nd7 17. Be2 0-0 18. 0-0 Nb6 19. Qb2 Na4 20. Qc1 f6 21. exf6 Qxf6 22. Bd1 Nb6 23. Qa1 e5 24. dxe5 Nxe5 25. Nxe5 Qxe5 26. Nf3 Qf4 27. g3 Qh6 28. Re1 Be4 29. Nd2 Qxd2 30. Re3 Qxf2# 0-1

[Event "FRA-chT4 1011"]
[White "Louis, Sophie"]
[Black "Michon, Guillaume"]
[Site "Champagne Ardenne"]
[Round "3"]
[Result "0-1"]
[Date "2010.12.12"]
[WhiteElo "1390"]
[BlackElo "1499"]
[PlyCount "48"]
[EventDate "2010.10.10"]
[EventType "team-tourn"]
[EventRounds "7"]
[EventCountry "FRA"]
[SourceTitle "EXT 2024"]
[Source "ChessBase"]
[SourceDate "2023.10.10"]
[SourceVersion "1"]
[SourceVersionDate "2023.10.10"]
[SourceQuality "1"]

1. e4 c6 2. Nc3 d5 3. exd5 cxd5 4. d4 Bf5 5. Nf3 e6 6. Bb5+ Nc6 7. 0-0 Nf6 8. Ne5 Qc7 9. Bf4 Bd6 10. Qd2 0-0 11. Rfe1 Rac8 12. g3 Ne4 13. Qe3 Nxe5 14. dxe5 Bc5 15. Qe2 Bxf2+ 16. Kf1 Bxe1 17. Rxe1 Nxc3 18. bxc3 Qxc3 19. Ba4 Bxc2 20. Rc1 Bd3 21. Rxc3 Bxe2+ 22. Kxe2 Rxc3 23. Bd2 Rc4 24. Bc2 Rxc2 0-1